000 00525nam a2200157 i 4500
001 29446
003 ES-MaACL
005 20230906154033.0
007 t|
008 030122s1945 sp ||||1| spa d
100 1 _aBarbudo Duarte, Enrique.
_925485
245 1 0 _aJosé de Mazarredo Salazar Muñatones y Gortazar
_b: Teniente General de la Armada Real /
_cEnrique Barbudo Duarte.
260 _aMadrid :
_b[s.n.,
_c1945] (
_fArtegrafía)
300 _a238 p. :
_b1 retr. biog. ;
_c23 cm.
852 _aES-MaACL
_jB-10447
_bR.21909
999 _c29446
_d29446